Loading...
| Science - Physics | 0 | 4 | 0 | 0 | 40 | 52 | 86.25 | 0 | 1 |
| Science - Other Science | 0 | 2 | 1 | 1 | 15 | 78 | 101.00 | 0 | 1 |
| Fine Arts - Classical Music | 0 | 2 | 1 | 2 | 15 | 120 | 121.00 | 0 | 0 |
| Literature - European Literature | 0 | 1 | 0 | 0 | 10 | 129 | 129.00 | 0 | 0 |
| Philosophy | 0 | 1 | 0 | 1 | 10 | 121 | 121.00 | 0 | 0 |
| Social Science | 0 | 1 | 0 | 0 | 10 | 83 | 83.00 | 0 | 1 |
| Fine Arts - Visual Fine Arts | 0 | 1 | 0 | 0 | 10 | 130 | 130.00 | 0 | 0 |
| Literature - British Literature | 0 | 1 | 0 | 0 | 10 | 100 | 100.00 | 0 | 0 |
| Science - Chemistry | 0 | 1 | 1 | 1 | 5 | 125 | 125.00 | 0 | 0 |
| History - European History | 0 | 0 | 0 | 0 | 0 | 0.00 | 0 | 0 | |
| Other Academic | 0 | 0 | 1 | 0 | -5 | 0.00 | 0 | 0 | |
| History - American History | 0 | 0 | 1 | 0 | -5 | 0.00 | 0 | 0 |